000 00534nam a2200157 a 4500
001 000028613
005 20200930055034.0
008 110411s1988 dr a 000 0 spa d
040 _aDO-SdBNP
_bspa
_cBNPHU
082 _axxx
_bV181c
100 1 _aValle O., Florencia E. del
_955567
245 1 0 _aLa contabilidad por fondos y el sistema de contabilidad /
_cFlorencia E. del Valle O.
260 _aSanto Domingo :
_bCentro Dominicana de Organizaciones de Interés Social,
_c1988.
504 _aBibliografĂ­a : p. 107-108
049 _aBNPD
999 _c28105
_d28105